000 00266nam a22001217a 4500
008 181101b xxu||||| |||| 00| 0 eng d
041 _aeng
080 _a370
100 _a47
101 _aEDU
245 _aaMANUAL fOR wRITERS
_cTurabian.K.L
942 _2udc
_cBK
999 _c51555
_d51555